Представление документа в формате RUSMARC

ПолеНазваниеЗначение
  Тип записи a
  Библиографический уровень m
001 Контрольный номер RU/SLIB/B/208704021
005 Дата корректировки 20221107161124.4
010 Индекс ISBN __
d Цена 0-20
101 Язык документа 0_
a Язык текста rus
200 Заглавие и сведения об ответственности 1_
a Заглавие Подготовка производства электромонтажных работ
b Общее обозначение материала Текст
210 Выходные данные 1_
a Место издания М.
c Издательство Энергоиздат
d Дата издания 1981
215 Физическое описание __
a Объем 72 с.
c Иллюстрации/тип воспроизводства ил.
225 Серия 2_
a Серия Библиотека электромонтера
v Обозначение тома Вып. 524
606 Тематические рубрики __
a Основная рубрика Энергетика
606 Тематические рубрики __
a Основная рубрика Использование электрической энергии
610 Ключевые слова 0_
a Ключевые слова электромонтаж; электромонтажное производство; электромонтажные работы
686 Индексы других классификаций __
2 Код системы rubbks
a Классификационный индекс 31.29-5-08
700 Автор _1
a Фамилия Абсатаров
b Имя Х. А.
4 Код отношения 070
702 Вторичная интеллектуальная ответственность _1
a Фамилия Антонович
b Имя Е. В.
4 Код отношения Автор
4 Код отношения 070
801 Источник записи _0
a Страна RU
b Организация Муниципальное бюджетное учреждение культуры "Централизованная библиотечная система" г. Сургут (Центральная городская библиотека им. А. С. Пушкина)
801 Источник записи _1
a Страна RU
b Организация Муниципальное бюджетное учреждение культуры "Централизованная библиотечная система" г. Сургут (Центральная городская библиотека им. А. С. Пушкина)
852 Данные о местонахождении __
j Шифр хранения 31.29-5-08
c Каталожный индекс 31.29-5-08
i Авторский знак А 17
p Инвентарный номер 9518
901 Тип документа __
t Тип документа m
990 Данные о заказе (DOS) 00
j Количество экземпляров (DOS) 1
t N записи в КСУ для И/У (DOS) 199101